Bierki szachowe - Statystyki

Ogólne statystyki
  • Ten quiz został rozwiązany 104 razy
    80 od ostatniego zresetowania
  • Średni wynik to 6 z 6
Statystyki odpowiedzi
Jest warty Odpowiedź % Poprawnych
Nieokreślony Król
100%
5 punktów Wieża
100%
1 punkt Pion
99%
3 punkty Skoczek
99%
3 punkty Goniec
97%
9 punktów Hetman
97%
Nie znaleziono quizów pasujących do podanych kryteriów
Rozkład punktacji
Procent ludzi z każdym wynikiem
Percentyl według liczby udzielonych odpowiedzi
Twoja historia wyników
Nie rozwiązałeś tego quizu od ostatniego zresetowania